Les surnoms du Real Madrid - Statistiques

Statistiques générales
  • Ce quiz a été pris 76 fois
  • Le résultat moyen est 2 sur 6
Statistiques - réponses
Réponse % Correct
La Casa Blanca
76%
Los Blancos
51%
Los Merengues
39%
Los Galácticos
23%
El Madrid
7%
Los Vikingos
7%
Aucun quiz correspondant
Distribution des résultats
% des personnes avec chaque résultat
Percentile par nombre de réponses
Votre historique - résultats
Vous n’avez pas pris ce quiz